000 00315nam a22001337a 4500
008 170620b xxu||||| |||| 00| 0 eng d
020 _a9780691023366
041 _aeng
080 _a32
100 _a20
101 _aSHP
245 _aGUERRILLAS AND REVOLUTION IN LATIN AMERICA
_cCROWLEY, T.P.W
942 _2udc
_cBK
999 _c18284
_d18284